000 00402nam a22001577a 4500
003 macl
005 20150530131607.0
008 150530b xxu||||| |||| 00| 0 eng d
040 _cmacl
082 _a920/BOS
100 _aBose,Nemai Sadhan
_9102
245 _aMakers of Indian Literature Swami Vivekananda
260 _aNew Delhi
_bSahitya Akademi
_c2010
650 _aBiograpy
_923
942 _2ddc
_cBK
999 _c49768
_d49768